00713nam a22002291a 450000100060000000300080000600500170001400800410003102000150007203500190008704000290010604100080013508200200014324500870016326000300025030000290028050400390030965000210034865000270036970000320039671000550042829742BD-RjUL20211209051443.0140407s1968 nyua b 101 0 eng d a0471428639 a(BD-RjUL)29827 aLCbengcLCdLCdBD-RjUL aeng00a616.8bNEU 196804aThe Neuropsychology of development :ba symposium /cedited by Robert L. Isaacson. aNew York :bWiley,c1968. a177 p. :bill. ;c23 cm. aIncludes bibliographies and index. 0aNeuropsychology. 0aDevelopmental biology.1 aIsaacson, Robert L.,d1928-2 aUniversity of Michigan.bDepartment of Psychology.